000 00649nam a2200217Ia 4500
005 20250508164150.0
008 008 250505s9999 xx 000 0 eng d
020 _a81-88689-05-X
037 _aTextual
040 _aFEDL
_beng
_cFEDL
041 _aeng
_2eng
084 _a530.1435, BAI
_qFEDL
100 _aBailin David
_9714214
245 0 _aIntroduction to gauge field theory
260 _aNew Delhi, India
_bOverseas Press India Private Limited
_c2004
300 _axv,364p.
490 _aGraduate student in physics
700 _a Love Alexander
_9777568
942 _cTEXL
_h530.1435, BAI
999 _c1387413
_d1387413